James Bay Charting Songs (Billboard Hot Rock) - Statistics

General Stats
  • This quiz has been taken 5 times
  • The average score is 3 of 11
Answer Stats
Album Weeks On Peak Artist(s) Song % Correct
Chaos and the Calm 26 Weeks #8 James Bay Hold Back the River
80%
Chaos and the Calm 59 Weeks #2 James Bay Let It Go
80%
Leap 1 Week #29 James Bay Chew On My Heart
20%
Oh My Messy Mind 15 Weeks #16 James Bay ft. Julia Michaels Peer Pressure
20%
Electric Light 11 Weeks #17 James Bay Pink Lemonade
20%
Changes All the Time 4 Weeks #28 James Bay with The Lumineers & Noah Kahan Up All Night
20%
Electric Light 4 Weeks #21 James Bay & Alicia Keys Us
20%
Oh My Messy Mind 1 Week #50 James Bay Bad
0%
Oh My Messy Mind 1 Week #43 James Bay Rescue
0%
Electric Light 1 Week #48 James Bay Slide
0%
Electric Light 10 Weeks #11 James Bay Wild Love
0%
No matching quizzes found
Score Distribution
Percent of People with Each Score
Percentile by Number Answered
Your Score History
You have not taken this quiz